<?xml version="1.0" encoding="UTF-8"?>
<record
    xmlns:xsi="http://www.w3.org/2001/XMLSchema-instance"
    xsi:schemaLocation="http://www.loc.gov/MARC21/slim http://www.loc.gov/standards/marcxml/schema/MARC21slim.xsd"
    xmlns="http://www.loc.gov/MARC21/slim">

  <leader>01796nam a22002897a 4500</leader>
  <controlfield tag="001">1304</controlfield>
  <controlfield tag="005">20230814133327.0</controlfield>
  <controlfield tag="008">230814b        cb ||||| |||| 00| 0 khr d</controlfield>
  <datafield tag="020" ind1=" " ind2=" ">
    <subfield code="a">9789924340799</subfield>
  </datafield>
  <datafield tag="040" ind1=" " ind2=" ">
    <subfield code="a">FISKH</subfield>
    <subfield code="b">eng</subfield>
    <subfield code="c">FISKH</subfield>
    <subfield code="d">FISKH</subfield>
  </datafield>
  <datafield tag="082" ind1=" " ind2=" ">
    <subfield code="a">591.7</subfield>
  </datafield>
  <datafield tag="100" ind1=" " ind2=" ">
    <subfield code="a">Sodany, Ouch </subfield>
  </datafield>
  <datafield tag="245" ind1=" " ind2=" ">
    <subfield code="a">&#x179A;&#x1784;&#x17D2;&#x1782;&#x17B6; &#x1793;&#x17B7;&#x1784;&#x179F;&#x178F;&#x17D2;&#x179C;&#x1785;&#x1798;&#x17D2;&#x179B;&#x17C2;&#x1780;&#x1794;&#x17C3;&#x178F;&#x1784; / </subfield>
    <subfield code="c">&#x17A2;&#x17CA;&#x17BC;&#x1785; &#x179F;&#x17BC;&#x178A;&#x17B6;&#x1793;&#x17B8; - &#x179F;&#x17BD; &#x1782;&#x17B8;&#x1798;&#x179F;&#x17B6;&#x1793; </subfield>
  </datafield>
  <datafield tag="250" ind1=" " ind2=" ">
    <subfield code="a">&#x1782;&#x17D2;&#x179A;&#x17B7;&#x17C7;&#x200B;&#x179F;&#x17D2;&#x1790;&#x17B6;&#x1793;&#x1794;&#x17C4;&#x17C7;&#x1796;&#x17BB;&#x1798;&#x17D2;&#x1796;&#x1795;&#x17D2;&#x179F;&#x17B6;&#x1799; Sipar &#x1798;&#x17B7;&#x1790;&#x17BB;&#x1793;&#x17B6; &#x17E2;&#x17E0;&#x17E2;&#x17E0; </subfield>
  </datafield>
  <datafield tag="260" ind1=" " ind2=" ">
    <subfield code="a">Phnom Penh : </subfield>
    <subfield code="b">Sipar, </subfield>
    <subfield code="c">2020. </subfield>
  </datafield>
  <datafield tag="300" ind1=" " ind2=" ">
    <subfield code="a">47 pages : </subfield>
    <subfield code="b">color illustrations ; </subfield>
    <subfield code="c">20 cm </subfield>
  </datafield>
  <datafield tag="490" ind1=" " ind2=" ">
    <subfield code="a">&#x1781;&#x17D2;&#x1789;&#x17BB;&#x17C6;&#x17A2;&#x17B6;&#x1793;&#x1794;&#x17B6;&#x1793; </subfield>
  </datafield>
  <datafield tag="505" ind1=" " ind2=" ">
    <subfield code="a">Y
</subfield>
  </datafield>
  <datafield tag="520" ind1=" " ind2=" ">
    <subfield code="b">&#x179A;&#x1784;&#x17D2;&#x1782;&#x17B6;&#x1787;&#x17B6;&#x1794;&#x17BB;&#x178F;&#x17D2;&#x179A;&#x17B8;&#x17A2;&#x1792;&#x17B7;&#x179A;&#x17B6;&#x1787;&#x179C;&#x17C1;&#x17A0;&#x17B6; &#x178A;&#x17C2;&#x179B;&#x1793;&#x17C5;&#x179B;&#x17BE;&#x1798;&#x17C1;&#x1783;&#x17D4; &#x1796;&#x17D2;&#x179A;&#x17C7;&#x1793;&#x17B6;&#x1784;&#x1798;&#x17B6;&#x1793;&#x1787;&#x17C6;&#x1784;&#x17BA;&#x1794;&#x17D2;&#x179A;&#x1785;&#x17B6;&#x17C6;&#x1780;&#x17B6;&#x1799; &#x17A0;&#x17BE;&#x1799;&#x1796;&#x17D2;&#x179A;&#x17C7;&#x1793;&#x17B6;&#x1784;&#x178F;&#x17D2;&#x179A;&#x17BC;&#x179C;&#x1799;&#x1780;&#x1794;&#x17C1;&#x17C7;&#x178A;&#x17BC;&#x1784;&#x179F;&#x178F;&#x17D2;&#x179C;&#x1785;&#x1798;&#x17D2;&#x179B;&#x17C2;&#x1780;&#x1794;&#x17C3;&#x178F;&#x1784;&#x178A;&#x17C2;&#x179B;&#x1793;&#x17C5;&#x1791;&#x17B7;&#x179F;&#x1781;&#x17B6;&#x1784;&#x1780;&#x17BE;&#x178F;&#x17B3;&#x17D2;&#x1799;&#x1794;&#x17B6;&#x1793;&#x17D4; &#x178F;&#x17C2;&#x1796;&#x17D2;&#x179A;&#x17C7;&#x1793;&#x17B6;&#x1784;&#x178F;&#x17D2;&#x179A;&#x17BC;&#x179C;&#x1785;&#x17BB;&#x17C7;&#x1798;&#x1780;&#x178A;&#x17B8; &#x17A0;&#x17BE;&#x1799;&#x178A;&#x17C6;&#x178E;&#x17BE;&#x179A;&#x1795;&#x17D2;&#x179F;&#x1784;&#x1796;&#x17D2;&#x179A;&#x17C1;&#x1784;&#x179A;&#x1794;&#x179F;&#x17CB;&#x1796;&#x17D2;&#x179A;&#x17C7;&#x1793;&#x17B6;&#x1784;&#x1780;&#x17CF;&#x1785;&#x17B6;&#x1794;&#x17CB;&#x1795;&#x17D2;&#x178A;&#x17BE;&#x1798;&#x17D4; </subfield>
  </datafield>
  <datafield tag="520" ind1=" " ind2=" ">
    <subfield code="a">Rangea is the daughter of Emperor Veha in the sky. She has a physical illness and she has to get the heart of the green monster in the east. But the princess had to come down to the ground and her adventure began.</subfield>
  </datafield>
  <datafield tag="521" ind1=" " ind2=" ">
    <subfield code="a">890 
</subfield>
    <subfield code="b">Lexile estimate 
</subfield>
  </datafield>
  <datafield tag="521" ind1=" " ind2=" ">
    <subfield code="a">Y 
</subfield>
    <subfield code="b">Raz-Plus 
</subfield>
  </datafield>
  <datafield tag="650" ind1=" " ind2=" ">
    <subfield code="a">Princess </subfield>
    <subfield code="v">Prince </subfield>
    <subfield code="x">Dragon </subfield>
    <subfield code="y">Lion </subfield>
  </datafield>
  <datafield tag="650" ind1=" " ind2=" ">
    <subfield code="a">&#x1796;&#x17D2;&#x179A;&#x17C7;&#x1793;&#x17B6;&#x1784;</subfield>
    <subfield code="v">&#x1796;&#x17D2;&#x179A;&#x17C7;&#x17A2;&#x1784;&#x17D2;&#x1782;</subfield>
    <subfield code="x">&#x1793;&#x17B6;&#x1782;&#x200B;</subfield>
    <subfield code="y">&#x178F;&#x17C4; </subfield>
  </datafield>
  <datafield tag="700" ind1=" " ind2=" ">
    <subfield code="a">Kimsan, Suo </subfield>
    <subfield code="c">illustrator </subfield>
  </datafield>
  <datafield tag="942" ind1=" " ind2=" ">
    <subfield code="2">ddc</subfield>
    <subfield code="c">BK</subfield>
    <subfield code="n">0</subfield>
  </datafield>
  <datafield tag="999" ind1=" " ind2=" ">
    <subfield code="c">1304</subfield>
    <subfield code="d">1304</subfield>
  </datafield>
  <datafield tag="952" ind1=" " ind2=" ">
    <subfield code="0">0</subfield>
    <subfield code="1">0</subfield>
    <subfield code="2">ddc</subfield>
    <subfield code="4">0</subfield>
    <subfield code="7">0</subfield>
    <subfield code="8">KH</subfield>
    <subfield code="a">001</subfield>
    <subfield code="b">001</subfield>
    <subfield code="c">KHRS</subfield>
    <subfield code="d">2023-08-14</subfield>
    <subfield code="l">0</subfield>
    <subfield code="o">SOD 591.7</subfield>
    <subfield code="p">2023-0247</subfield>
    <subfield code="r">2023-08-14 09:26:06</subfield>
    <subfield code="t">1</subfield>
    <subfield code="w">2023-08-14</subfield>
    <subfield code="y">BK</subfield>
  </datafield>
  <datafield tag="952" ind1=" " ind2=" ">
    <subfield code="0">0</subfield>
    <subfield code="1">0</subfield>
    <subfield code="2">ddc</subfield>
    <subfield code="4">0</subfield>
    <subfield code="7">0</subfield>
    <subfield code="8">KH</subfield>
    <subfield code="a">001</subfield>
    <subfield code="b">001</subfield>
    <subfield code="c">KHRS</subfield>
    <subfield code="d">2023-08-14</subfield>
    <subfield code="l">0</subfield>
    <subfield code="o">SOD 591.7</subfield>
    <subfield code="p">2023-0248</subfield>
    <subfield code="r">2023-08-14 09:26:18</subfield>
    <subfield code="t">2</subfield>
    <subfield code="w">2023-08-14</subfield>
    <subfield code="y">BK</subfield>
  </datafield>
  <datafield tag="952" ind1=" " ind2=" ">
    <subfield code="0">0</subfield>
    <subfield code="1">0</subfield>
    <subfield code="2">ddc</subfield>
    <subfield code="4">0</subfield>
    <subfield code="7">0</subfield>
    <subfield code="8">KH</subfield>
    <subfield code="a">002</subfield>
    <subfield code="b">002</subfield>
    <subfield code="c">SKB</subfield>
    <subfield code="d">2026-04-24</subfield>
    <subfield code="l">0</subfield>
    <subfield code="o">SOD 591.7</subfield>
    <subfield code="p">2026-0535</subfield>
    <subfield code="r">2026-04-24 10:01:44</subfield>
    <subfield code="t">3</subfield>
    <subfield code="w">2026-04-24</subfield>
    <subfield code="y">BK</subfield>
  </datafield>
</record>
